|
|
|
|
| LEADER |
00000ny a22000003n 4500 |
| 005 |
20110623125657.0 |
| 008 |
100909s2010 sp 000 0 spa d |
| 017 |
|
|
|a D.L M 44657-2009
|
| 020 |
|
|
|a 9788498497670
|
| 035 |
|
|
|a 5004
|
| 040 |
|
|
|a BUS
|d vLex
|
| 080 |
|
|
|a 94(460).093"1939/1975"
|
| 090 |
|
|
|c 1063
|d 1063
|
| 245 |
0 |
0 |
|a Estudios jurd̕icos sobre el franquismo
|h [Recurso electrn̤ico]
|b la familia ideal y otras cuestiones /
|c Juan Antonio Alejandre Garca̕ (coord.) ; Mara̕ Jos ̌Muǫz Garca̕ ... [et al.] ; prl̤ogo de Enrique Gacto Fernǹdez
|
| 256 |
|
|
|a Servicio en ln̕ea
|
| 260 |
|
|
|a Madrid :
|b Dykinson,
|c 2009
|
| 300 |
|
|
|a 373 p. ;
|c 24 cm
|
| 504 |
|
|
|a Bibliogr.
|
| 506 |
1 |
|
|a Contenido solo disponible en los productos indicados
|d vLex Global
|d vLex Global (Academic Edition, excluding Law Schools)
|d vLex Global (U.S. Academic Edition, Law Schools)
|d vLex Global (U.S. Academic Edition, excluding Law Schools)
|d vLex Global (Academic Edition, Law Schools)
|
| 650 |
0 |
7 |
|2 Tesauro vLex
|a Familia
|
| 650 |
0 |
7 |
|2 Tesauro vLex
|a Asuntos sociales
|
| 700 |
1 |
|
|a Alejandre Garca̕, Juan Antonio,
|e coord.
|
| 700 |
1 |
|
|a Muǫz Garca̕, Mara̕ Jos,̌
|e coaut.
|
| 740 |
0 |
|
|a vLex Libros (Servicios en ln̕ea)
|
| 856 |
4 |
0 |
|u http://vlex.com/source/5004
|z Acceso restringido
|
| 942 |
|
|
|c BOOK
|